West Wing (1999-2006) All Episodes - Statistics

General Stats
  • This quiz has been taken 67 times
  • The average score is 47 of 156
Answer Stats
% Correct
1x1 Pilot
100%
7x7 The Debate
100%
2x22 "Two Cathedrals"
100%
2x17 The Stackhouse Filibuster
83%
1x22 What kind of Day has It Been
83%
2x18 17 People
67%
2x21 18th and Potomac
67%
3x15 Dead Irish Writers
67%
4x5 Debate Camp
67%
4x7 Election Night
67%
2x1 In The Shadow of Two Gunmen (Part 1)
67%
2x2 In the Shadow of Two Gunmen (Part 2)
67%
Special Isaac and Ishmael
67%
1x19 Let Bartlet Be Bartlet
67%
2x10 Noël
67%
3x19 The Black Vera Wang
67%
1x7 The State Dinner
67%
5x17 The Supremes
67%
7x22 Tomorrow
67%
4x23 Twenty Five
67%
1x16 20 Hours in L.A.
50%
5x18 Access
50%
2x5 And It;s surely to their Credit
50%
4x19 Angel Maintenance
50%
3x9 Bartlet for America
50%
4x22 Commencement
50%
6x16 Drought Conditions
50%
2x15 Ellie
50%
1x8 Enemies
50%
1x4 Five Votes Down
50%
4x6 Game On
50%
5x21 Gaza
50%
4x12 Guns Not Butter
50%
1x12 He Shall from Time to Time...
50%
7x21 Institutional Memory
50%
4x21 Life on Mars
50%
3x1 Manchester (Part 1)
50%
3x2 Manchester (Part 2)
50%
2x7 Portland Trip
50%
3x21 Posse Comitatus
50%
1x2 Post Hoc Ergo Propter Hoc
50%
2x8 Shibboleth
50%
2x16 Somebody's Going to Emergency, Somebody's Going to Jail
50%
7x13 The Cold
50%
1x6 The Crackpots and These Women
50%
5x2 The Dogs of War
50%
3x7 The Indians in the Lobby
50%
4x13 The Long Goodbye
50%
2x3 The Midterms
50%
3x8 The Women of Qumar
50%
3x20 We Killed Yamamoto
50%
3x11 100,000 Airplanes
33%
5x9 Abu el Banat
33%
6x17 A Good Day
33%
5x14 An Khe
33%
1x3 A Proportional Response
33%
2x19 Bad Moon Rising
33%
2x13 Bartlet's Third State of the Union
33%
4x3 College Kids
33%
3x18 Enemies Foreign and Domestic
33%
3x6 Gone Quiet
33%
1x10 In Excelsis Deo
33%
2x4 In This White House
33%
6x13 King Corn
33%
6x18 La Palabra
33%
1x21 Lies, Damn Lies and Statistics
33%
6x4 Liftoff
33%
1x11 Lord John Marbury
33%
1x20 Mandatory Minimums
33%
1x5 Mr. Willis of Ohio
33%
3x13 Night Five
33%
4x8 Process Stories
33%
4x17 Red Haven's on Fire
33%
7x10 Running Mates
33%
4x9 Swiss Diplomacy
33%
1x13 Take Out the Trash Day
33%
1x14 Take This Sabbath
33%
6x2 The Birnam Wood
33%
4x16 The California 47th
33%
2x6 The Lame Duck Congress
33%
7x2 The Mommy Problem
33%
4x4 The Red Mass
33%
3x16 The U.S. Poet Laureate
33%
2x14 The War at Home
33%
4x1 20 Hours in America (Part 1)
17%
4x2 20 Hours in America (Part 2)
17%
4x10 Arctic Radar
17%
1x15 Celestial Navigation
17%
7x12 Duck and Cover
17%
4x20 Evidence of Things Not Seen
17%
6x10 Faith Based Initiative
17%
5x15 Full Disclosure
17%
3x14 Hartsfield Landing
17%
3x10 H. Con-172
17%
4x11 Holy Night
17%
4x15 Inauguration: Over There
17%
4x14 Inauguration: Part 1
17%
7x11 Internal Displacement
17%
7x3 Message of the Week
17%
6x19 Ninety Miles Away
17%
5x20 No Exit
17%
6x1 NSF Thurmont
17%
3x4 On the Day Before
17%
7x18 Requiem
17%
5x8 Shutdown
17%
1x18 Six Meetings Before Lunch
17%
3x17 Stirred
17%
7x6 The Al Smith Dinner
17%
5x11 The Benign Prerogative
17%
2x12 The Drop-In
17%
2x20 The Fall's Gonna Kill You
17%
2x11 The Leadership Breakfast
17%
1x9 The Short List
17%
3x12 The Two Bartlets
17%
7x9 The Wedding
17%
1x17 The White House Pro-Am
17%
3x5 War Crimes
17%
3x3 Ways and Means
17%
7x15 Welcome to Wherever You are
17%
6x22 2162 Votes
0%
6x12 365 Days
0%
5x1 7A WF 83429
0%
6x7 A Change is Gonna Come
0%
5x5 Constituency of One
0%
5x6 Disaster Relief
0%
Special Documentary Special
0%
7x16 Election Day Part I
0%
7x17 Election Day Part II
0%
5x16 Eppur Si Muove
0%
6x15 Freedonia
0%
2x9 Galieo
0%
5x4 Han
0%
7x5 Here Today
0%
6x9 Impact Winter
0%
6x20 In God We Trust
0%
6x8 In the Room
0%
5x3 Jefferson Lives
0%
5x22 Memorial Day
0%
7x4 Mr. Frost
0%
6x11 Opposition Research
0%
4x18 Privateers
0%
5x7 Separation of Powers
0%
5x12 Slow News Day
0%
5x10 Stormy Present
0%
5x19 Talking Points
0%
6x6 The Dover Test
0%
6x5 The Hubbert Peak
0%
7x20 The Last Hurrah
0%
7x1 The Ticket
0%
7x8 The Undecides
0%
6x14 The Wake UP Call
0%
5x13 The Warfare of Genghis Khan
0%
6x21 Things Fall Apart
0%
6x3 Third-Day Story
0%
7x19 Tranistion
0%
7x14 Two Weeks Out
0%
No matching quizzes found
Score Distribution
Percent of People with Each Score
Percentile by Number Answered
Your Score History
You have not taken this quiz